|
|
|
|
| LEADER |
01101nam a2200241 u 4500 |
| 001 |
10034809 |
| 003 |
upatras |
| 005 |
20220125134750.0 |
| 008 |
000524s1956 gr gre |
| 952 |
|
|
|0 0
|1 0
|2 ddc
|4 0
|6 813_500000000000000_FAS
|7 0
|9 209501
|a LISP
|b LISP
|c BSC
|d 2017-02-02
|i 135684
|l 0
|o 813.5 FAS
|p 025000253671
|r 2017-02-02 00:00:00
|t 1
|w 2017-02-02
|y BK15
|
| 999 |
|
|
|c 127504
|d 127504
|
| 040 |
|
|
|a GR-PaULI
|c GR-PaULI
|b gre
|e AACR2
|
| 041 |
|
|
|a gre
|h eng
|
| 082 |
0 |
4 |
|a 813.5
|2 23
|
| 100 |
1 |
|
|a Fast, Howard,
|d 1914-2003
|9 159121
|e συγγραφέας
|
| 240 |
|
|
|a The last frontier
|l Ελληνικά
|
| 245 |
1 |
3 |
|a Το τελευταίο μέτωπο /
|b
|c Χάουωρντ Φάστ ; μετάφραση Κωνσταντίνος Παπακωνσταντίνου
|
| 260 |
|
|
|a Αθήναι:
|b Τυπογραφείο Αβραμοπούλου,
|c 1956
|
| 300 |
|
|
|a 282 σ. :
|c 21 εκ.
|
| 700 |
1 |
|
|a Παπακωνσταντίνου, Κωνσταντίνος
|e μεταφραστής
|9 143027
|
| 765 |
|
|
|i Μετάφραση του :
|t The last frontier
|
| 942 |
|
|
|2 ddc
|c BK15
|
| 998 |
|
|
|c ΜΠΟΥΡΑΣ
|d 2017-02
|